000 00879nas a2200289 4500
001 BR0806213
003 BR-BrBNA
005 20231205112449.0
007 ta
008 230509b bl.|||p| |||| 00| 00por d
040 _aBR-BrBNA
_bpor
_cBiblioteca Nacional de Agricultura
041 _a(Pt)
072 _aQ04
100 1 _aMizumoto, E.M.
100 1 _aCanniatti-Brazaca, S.G.
100 1 _aMachado, F.M.V.F.
245 1 _aAvaliação química e sensorial de ovos obtidos por diferentes tratamentos
650 _aOVO
650 _aPROPRIEDADE ORGANOLÉPTICA
650 _aCOMPOSIÇÃO QUÍMICA
650 _aVITAMINA
650 _aSAIS MINERAIS
650 _aCOLESTEROL
773 0 _tCiência e Tecnologia de Alimentos (Brazil)
_xISSN 0101-2061
_g(Jan-Mar 2008), v. 28(1) p. 60-65
_wBR0806213
909 _a202311
_bLúcia
_c55
_dLúcia Elande
942 _2AGRIS
_n0
_cANA
999 _c198203
_d198203